000 00695nam a22002537a 4500
001 BR7401025
003 BR-BrBNA
005 20230928084544.0
007 ta
008 230509b bl.||||| |||| 00| 0 por d
040 _aBR-BrBNA
_bpor
_cBiblioteca Nacional de Agricultura
041 _a(Por)
072 _aE10
_b0430
_b8946
_b/G514
090 _ 0430 BR7401025
100 1 _aTelles Junior, G.
245 1 _aDois problemas brasileiros: O algodao e o fio da seda
260 3 _aSao Paulo, SP (Brasil):
_bRevista dos Tribunais,
_c1948.
300 _a75 p.
650 _aALGODAO
650 _aSEDA
650 _aECONOMIA DA PRODUCAO
909 _a202309
_bLucia
_c55
_dLucia Elande
942 _cBK
999 _c19718
_d19718